logo

Bir Sreshtho Munshi Abdur Rouf Library
Jhenaidah Cadet College

Textbook of Zoology Invertebrates / (Record no. 7750)

MARC details
000 -LEADER
fixed length control field 00715nam a22002537a 4500
001 - CONTROL NUMBER
JCCL Control Number 7750
003 - CONTROL NUMBER IDENTIFIER
JCCL marc code BD-JhCC
005 - DATE AND TIME OF LATEST TRANSACTION
control field 20180329104409.0
008 - FIXED-LENGTH DATA ELEMENTS--GENERAL INFORMATION
fixed length control field 180213s1992 ii ao||| |||| 00| 0 eng d
020 ## - INTERNATIONAL STANDARD BOOK NUMBER
International Standard Book Number 812390035X
035 ## - SYSTEM CONTROL NUMBER
system control number (BD-JhCC)7750
040 ## - CATALOGING SOURCE
Original cataloging agency BD-JhCC
Modifying agency BD-JhCC
041 ## - LANGUAGE CODE
Language code of Book eng
082 ## - DEWEY DECIMAL CLASSIFICATION NUMBER
Classification number 590
Author mark and Year PAR 1992
100 ## - MAIN ENTRY--PERSONAL NAME
Personal name Parker, T. Jeffrey
245 ## - TITLE STATEMENT
Title Textbook of Zoology Invertebrates /
Statement of responsibility, etc T. Jeffrey Parker and William A. Haswell Edited by A. J. Marshall and W. D. Williams
250 ## - EDITION STATEMENT
Edition statement 7th ed.
260 ## - PUBLICATION, DISTRIBUTION, ETC. (IMPRINT)
Place of publication, distribution, etc India :
Name of publisher, distributor, etc CBS Publishers and Distributors,
Date of publication, distribution, etc 1992.
300 ## - PHYSICAL DESCRIPTION
Pagination 874 p. :
Other physical details ill.;
Dimensions 24 cm.
490 ## - SERIES STATEMENT
Volume number/sequential designation VOL-1
504 ## - BIBLIOGRAPHY, ETC. NOTE
Bibliography, etc Includes Index
650 ## - SUBJECT ADDED ENTRY--TOPICAL TERM
Topical term or geographic name as entry element Zoology
942 ## - ADDED ENTRY ELEMENTS (KOHA)
Source of classification or shelving scheme Dewey Decimal Classification
Koha item type Books
Holdings
Source of classification or shelving scheme volume number Damaged status Not for loan Home library Current library Shelving location Date of accession Cost, normal purchase price Total Checkouts Full call number Barcode Date last seen Copy number Koha item type
Dewey Decimal Classification V-1     JCC Rouf Library JCC Rouf Library General Stacks 02/13/2018 160.00   590 PAR 1992 10131 02/13/2018 C - 1 Books

JCC Library | Contacts | JCC Home

Last Update on 23 September 2017
Copyright @ 2017-2020 JCC Rouf Library
Rouf Library, Jhenidah Cadet College (JCC), Bangladesh